Nederlandse gemeenten beginnend met A - Statistieken

Algemene statistieken
  • Deze quiz is 91 keer genomen
  • De gemiddelde score is 11 van 21
Antwoordstatistieken
Antwoord % Correct
Amsterdam
96%
Apeldoorn
84%
Amersfoort
79%
Assen
79%
Arnhem
77%
Alkmaar
73%
Almere
63%
Amstelveen
63%
Almelo
59%
Aalsmeer
48%
Aalten
43%
Ameland
43%
Appingedam
41%
Asten
39%
Aa en Hunze
38%
Achtkarspelen
34%
Alblasserdam
30%
Altena
27%
Alphen aan den Rijn
23%
Alphen Chaam
23%
Albrandwaard
13%
Geen overeenkomende quizzen gevonden
Scoreverdeling
Procent van Mensen met Elke Score
Percentiel versus Aantal Correcte Antwoorden
Uw Scoregeschiedenis
U heeft deze quiz nog niet genomen